The Great Purges - Statistics

General Stats
  • This quiz has been taken 29 times
  • The average score is 9 of 15
Answer Stats
Hint Answer % Correct
Leader of the Soviet Union from 1924 Joseph Stalin
100%
Country in which Leon Trotsky was assassinated Mexico
95%
Labour camp used in the Purges Gulag
91%
Weapon used in the assassination Icepick
73%
Secret police formed in 1934 NKVD
64%
Year of the Trial of the Sixteen 1936
59%
Major political figures arrested in January 1935 Grigory Zinoviev
55%
Lev Kamenev
55%
Main politician tried in the 1938 Trial of the Twenty One Nikolai Bukharin
50%
Popular politician killed in December 1934 Sergei Kirov
50%
Other name for the Moscow Trials Show Trials
50%
Head of the secret police from 1936-38, infamous for his cruelty Nikolai Yezhov
45%
Estimated number of Party members killed in this period 1 million
32%
Period triggered by the above The Great Terror
32%
Approximate number of arrests during the Purges 7-8 million
27%
No matching quizzes found
Score Distribution
Percent of People with Each Score
Percentile by Number Answered
Your Score History
You have not taken this quiz